| 000 | 00887nam a22002417a 4500 | ||
|---|---|---|---|
| 999 |
_c63731 _d63731 |
||
| 005 | 20240530110656.0 | ||
| 008 | 171220s2015 ua ahk f 000 0 ara d | ||
| 017 |
_a2014/16922 _bمصر. دار الكتب |
||
| 020 | _a9789770529249 | ||
| 040 |
_aEG-CaGPL _cEG-CaGPL |
||
| 082 | 0 | 4 |
_221 _a720.92 / _bهـ ف |
| 100 | 0 | _aهشام جريشة | |
| 245 | 1 | 0 |
_aفقراء العمارة : _bردا على كتاب عمارة الفقراء للمعمارى حسن فتحى / _cهشام جريشة |
| 260 |
_aالقاهرة : _bمكتبة الانجلو المصرية ، _c2015. |
||
| 300 |
_a400 ص. : _bايض ؛ _c24 سم. |
||
| 650 | 0 | 7 |
_2qrmak _aالعمارة |
| 650 | 0 | 7 |
_2qrmak _aالعمارة المصرية |
| 650 | 0 | 7 |
_2qrmak _aالمساكن |
| 651 | _2qrmak | ||
| 653 | 0 | _aعمارة حسن فتحى | |
| 942 |
_2ddc _cBK |
||